000 004890000a22001690004500
003 LK-CoMWRAF
005 20231224013441.0
008 230817t1989 ||||| |||| 00| 0 eng d
040 _aLK-CoMWRAF
_dLK-CoMWRAF
_eLK-CoMWRAF
041 _aeng
082 _a600
_bKAT
100 _aKatamidze, Vyacheslav
245 _aWhat Kind of World Will Our Children Inherit?
_bfacts and reflections
260 _aMoscow:
_bNovosti Press Agency Publishing House,
_c1989
300 _a56 p.
942 _cBK
999 _c2624
_d2624